[Event "Mindsports"]
[Site "Beijing CHN"]
[Date "2008.10.04"]
[EventDate "2008.10.04"]
[Round "10"]
[Result "1-0"]
[White "Wang Hao"]
[Black "Wang Yue"]
[WhiteElo "2696"]
[BlackElo "2736"]
[PlyCount "65"]

1. d4 d5 2. c4 c6 3. Nf3 Nf6 4. Nc3 dxc4 5. a4 Bf5 6. Ne5 Nbd7
7. Nxc4 Nb6 8. Ne5 a5 9. g3 Nfd7 10. Nxd7 Nxd7 11. e4 Bg6
12. f4 e6 13. Bg2 Bb4 14. O-O f5 15. exf5 Bxf5 16. g4 Bg6
17. f5 exf5 18. gxf5 Bf7 19. Qg4 Nf6 20. Re1+ Be7 21. Qxg7
Qxd4+ 22. Be3 Qg4 23. Qxh8+ Ng8 24. Bb6 Kf8 25. Rxe7 Kxe7
26. Re1+ Kd7 27. Re4 Qxf5 28. Qd4+ Bd5 29. Nxd5 cxd5 30. Rf4
Qe6 31. Bh3 Qxh3 32. Qxd5+ Ke7 33. Bc5+ 1-0

[Event "Mindsports"]
[Site "Beijing CHN"]
[Date "2008.10.04"]
[EventDate "2008.10.04"]
[Round "11"]
[Result "0-1"]
[White "Anton Korobov"]
[Black "Wang Hao"]
[WhiteElo "2605"]
[BlackElo "2696"]
[PlyCount "69"]

1. d4 Nf6 2. c4 e6 3. Nc3 Bb4 4. e3 O-O 5. Bd3 c5 6. Nf3 d5
7. O-O Nc6 8. a3 Bxc3 9. bxc3 dxc4 10. Bxc4 Qc7 11. Bb2 b6
12. Qe2 e5 13. h3 h6 14. Ba2 Re8 15. d5 Ne7 16. c4 Ng6
17. Rad1 Qd6 18. e4 Bd7 19. Qe3 Nh5 20. Bb1 Nhf4 21. Kh2 Qf6
22. Ng1 Qg5 23. g3 Nxh3 24. Qxg5 Nxg5 25. Rde1 Nh7 26. f4 Nf6
27. Kg2 Ng4 28. Bc2 b5 29. Bd1 Nf6 30. f5 Nf8 31. Nf3 Ng4
32. Kh3 h5 33. Kh4 g6 34. Bc1 bxc4 35. Nd2 0-1

[Event "Mindsports"]
[Site "Beijing CHN"]
[Date "2008.10.05"]
[EventDate "2008.10.05"]
[Round "1"]
[Result "1-0"]
[White "Wang Hao"]
[Black "Hristos Banikas"]
[WhiteElo "2696"]
[BlackElo "2572"]
[PlyCount "109"]

1. e4 c5 2. Nf3 e6 3. d4 cxd4 4. Nxd4 a6 5. Bd3 Bc5 6. Nb3 Be7
7. O-O d6 8. Qg4 g6 9. Qe2 Nd7 10. Na3 Qc7 11. Nc4 b6 12. a4
Bb7 13. Bf4 Ngf6 14. h3 O-O 15. Rfd1 Rfd8 16. Bg3 Nh5 17. Bh2
Ne5 18. Bxe5 dxe5 19. Qe3 b5 20. Nca5 b4 21. g3 Nf6 22. Rac1
Qb8 23. Nxb7 Qxb7 24. a5 Rd6 25. Qe2 Qa7 26. Nd2 Nd7 27. Kg2
Bg5 28. h4 Bh6 29. h5 Kg7 30. Rh1 Qc7 31. Ra1 Nc5 32. Nc4 Rd4
33. hxg6 hxg6 34. Rh3 Bg5 35. Rah1 Kf6 36. Rh7 Rf8 37. Qf3+
Ke7 38. Rxf7+ Rxf7 39. Qxf7+ Kxf7 40. Rh7+ Kf6 41. Rxc7 Nxd3
42. cxd3 Rxd3 43. Rf7+ Kxf7 44. Nxe5+ Ke8 45. Nxd3 Be7 46. Kf3
Kd7 47. Ne5+ Kd6 48. Nxg6 Bd8 49. Ke3 Bxa5 50. Kd3 b3 51. f4
Be1 52. g4 a5 53. g5 a4 54. Ne5 Bg3 55. g6 1-0

[Event "Mindsports"]
[Site "Beijing CHN"]
[Date "2008.10.05"]
[EventDate "2008.10.05"]
[Round "2"]
[Result "1-0"]
[White "Anton Korobov"]
[Black "Wang Hao"]
[WhiteElo "2605"]
[BlackElo "2696"]
[PlyCount "71"]

1. d4 d5 2. c4 c6 3. Nc3 Nf6 4. Nf3 a6 5. c5 Nbd7 6. Bf4 Nh5
7. Bg5 h6 8. Bd2 Nhf6 9. Bf4 g5 10. Bg3 Bg7 11. e3 Nh5 12. Bd3
Nxg3 13. hxg3 e5 14. Bf5 e4 15. Bxd7+ Bxd7 16. Ne5 Be6 17. f4
exf3 18. gxf3 Qc7 19. f4 O-O-O 20. Qd2 f6 21. Nd3 Bg4 22. b4
h5 23. Qf2 Rhe8 24. a4 Re7 25. Kd2 Rde8 26. Rhe1 Bf5 27. b5
Bxd3 28. Kxd3 Bh6 29. bxa6 bxa6 30. Rab1 h4 31. Rb6 hxg3
32. Qxg3 Qd7 33. fxg5 Rxe3+ 34. Rxe3 Rxe3+ 35. Kxe3 Bxg5+
36. Ke2 1-0

[Event "Mindsports"]
[Site "Beijing CHN"]
[Date "2008.10.05"]
[EventDate "2008.10.05"]
[Round "3"]
[Result "1-0"]
[White "Wang Hao"]
[Black "Jan Markos"]
[WhiteElo "2696"]
[BlackElo "2557"]
[PlyCount "60"]

1. e4 c5 2. Nf3 Nc6 3. Bb5 d6 4. O-O Bd7 5. Re1 Nf6 6. c3 a6
7. Bf1 Bg4 8. d4 cxd4 9. cxd4 d5 10. e5 Ng8 11. e6 Bxe6
12. Rxe6 fxe6 13. Qb3 g6 14. Qxb7 Na5 15. Qb4 Bg7 16. Nc3 Bf6
17. Bf4 Kf7 18. Re1 Nc6 19. Qc5 Qd7 20. Na4 Rd8 21. Nb6 Qb7
22. Rc1 Nb8 23. b4 h5 24. Bc7 Rf8 25. a4 Nh6 26. Ne5+ Kg7
27. a5 Ng4 28. Nf3 Nh6 29. h4 Nf7 30. Bf4 Nd7 1-0

[Event "Mindsports"]
[Site "Beijing CHN"]
[Date "2008.10.06"]
[EventDate "2008.10.05"]
[Round "5"]
[Result "1-0"]
[White "Wang Hao"]
[Black "Wang Yue"]
[WhiteElo "2696"]
[BlackElo "2736"]
[PlyCount "117"]

1. c4 c6 2. d4 d5 3. Nf3 Nf6 4. Nc3 dxc4 5. a4 Bf5 6. Ne5 Nbd7
7. Nxc4 Nb6 8. Ne5 a5 9. Bg5 g6 10. e3 Bg7 11. Be2 O-O 12. O-O
Nfd5 13. Bh4 Nb4 14. Rc1 Nd7 15. f4 Nxe5 16. fxe5 Bh6 17. Qd2
Re8 18. g4 Be6 19. Ne4 Nd5 20. Bg5 Bg7 21. Nd6 exd6 22. Bxd8
Raxd8 23. e4 Nb4 24. Bc4 Bxc4 25. Rxc4 dxe5 26. d5 Rd7 27. Qe2
Bh6 28. h4 Bf4 29. g5 Red8 30. Qg4 Rd6 31. Rxf4 exf4 32. Qxf4
R6d7 33. Qe5 Nd3 34. Qc3 Nb4 35. Rc5 cxd5 36. Rxa5 Na2 37. Qa3
dxe4 38. Qxa2 e3 39. Re5 Rd2 40. Rxe3 Rc8 41. Rf3 Rc7 42. Qb3
Rd4 43. h5 gxh5 44. Kg2 Rg4+ 45. Kh3 Rxg5 46. Qe3 h6 47. Rg3
Rg6 48. Qxh6 Rcc6 49. Qxh5 Rxg3+ 50. Kxg3 Rb6 51. Qe5 Rb3+
52. Kf2 b6 53. Ke2 Rb4 54. Kd3 Kh7 55. Qf5+ Kg7 56. Qe5+ Kh7
57. Kc3 Rxa4 58. Qb5 Rg4 59. Qh5+ 1-0

[Event "Mindsports"]
[Site "Beijing CHN"]
[Date "2008.10.06"]
[EventDate "2008.10.05"]
[Round "6"]
[Result "1/2-1/2"]
[White "Mateusz Bartel"]
[Black "Wang Hao"]
[WhiteElo "2602"]
[BlackElo "2696"]
[PlyCount "56"]

1. e4 c5 2. Nf3 Nc6 3. d4 cxd4 4. Nxd4 Qc7 5. Nc3 e6 6. g3 a6
7. Bg2 d6 8. O-O Bd7 9. a4 Nf6 10. Nb3 Na5 11. g4 h6 12. Nxa5
Qxa5 13. Be3 Be7 14. h3 Bc6 15. f4 d5 16. e5 Ne4 17. Nxe4 dxe4
18. Qe1 Qxe1 19. Rfxe1 O-O-O 20. Re2 Rd7 21. c3 Rd3 22. Bd4
Rd8 23. Kh2 Bh4 24. Rf1 Bxa4 25. Bxe4 Bb5 26. Bxd3 Bxd3
27. Ree1 Bxe1 28. Rxe1 b5 1/2-1/2

[Event "Mindsports"]
[Site "Beijing CHN"]
[Date "2008.10.13"]
[EventDate "2008.10.13"]
[Round "3"]
[Result "1-0"]
[White "Wang Hao"]
[Black "Abhijit Kunte"]
[WhiteElo "2696"]
[BlackElo "2536"]
[PlyCount "77"]

1. d4 Nf6 2. c4 e6 3. Nf3 d5 4. Nc3 Be7 5. Bg5 h6 6. Bh4 O-O
7. Qc2 Nbd7 8. e3 a6 9. cxd5 exd5 10. a3 Re8 11. Bd3 Nf8
12. Ne5 c6 13. O-O N6d7 14. Bxe7 Qxe7 15. Nf3 Nf6 16. Rae1 Ne4
17. Bxe4 dxe4 18. Nd2 f5 19. f3 exf3 20. Nxf3 Ng6 21. e4 fxe4
22. Rxe4 Qd8 23. Qb3+ Kh7 24. Rxe8 Qxe8 25. Re1 Qf8 26. Ne4
Rb8 27. Ne5 Bf5 28. Rf1 Qd8 29. Qe3 Nxe5 30. dxe5 Qd7 31. Nc5
Qc8 32. e6 Bg6 33. Nd7 Qc7 34. Nxb8 Qxb8 35. h3 Qd6 36. e7 Qd7
37. Qe5 b5 38. b4 Be8 39. Qf5+ 1-0

[Event "Mindsports"]
[Site "Beijing CHN"]
[Date "2008.10.13"]
[EventDate "2008.10.13"]
[Round "4"]
[Result "0-1"]
[White "Thien Hai Dao"]
[Black "Wang Hao"]
[WhiteElo "2510"]
[BlackElo "2696"]
[PlyCount "126"]

1. d4 Nf6 2. c4 e6 3. Nf3 d5 4. Nc3 c6 5. e3 a6 6. a4 a5
7. Be2 Na6 8. O-O Be7 9. b3 O-O 10. Bb2 Nb4 11. Ne5 b6 12. Na2
Bb7 13. Nxb4 Bxb4 14. Rc1 Rc8 15. c5 Nd7 16. Nd3 bxc5 17. dxc5
Ba6 18. Nxb4 Bxe2 19. Qxe2 axb4 20. Qg4 e5 21. Qxb4 Rb8
22. Qc3 Rb7 23. b4 Qa8 24. Ra1 Qa6 25. b5 cxb5 26. c6 b4
27. Qc2 Rc7 28. Rfc1 Rfc8 29. Qf5 g6 30. Qh3 Qe2 31. g3 Rxc6
32. Rxc6 Rxc6 33. Qxd7 Qxb2 34. Rf1 Rc5 35. a5 Kg7 36. a6 Ra5
37. a7 Qa3 38. Qd6 Rxa7 39. Qxe5+ f6 40. Qxd5 Rc7 41. Qd6 Rb7
42. Qc6 Qa7 43. Rb1 b3 44. Qc3 Qb6 45. Rb2 Qb5 46. h4 h5
47. e4 Qb6 48. Kg2 Qb5 49. Qd4 Qe5 50. Qxe5 fxe5 51. Kf3 Kf6
52. Ke3 Ke6 53. Kd3 Rb4 54. f3 Kd6 55. Kc3 Kc5 56. g4 hxg4
57. fxg4 Rxe4 58. h5 Rxg4 59. hxg6 Rg3+ 60. Kd2 Kc4 61. Rb1
Rg2+ 62. Ke3 Rxg6 63. Rc1+ Kb4 0-1

[Event "Mindsports"]
[Site "Beijing CHN"]
[Date "2008.10.13"]
[EventDate "2008.10.13"]
[Round "5"]
[Result "1-0"]
[White "Wang Hao"]
[Black "Andre Diamant"]
[WhiteElo "2696"]
[BlackElo "2412"]
[PlyCount "71"]

1. e4 c5 2. Nf3 e6 3. d4 cxd4 4. Nxd4 Nc6 5. Nc3 a6 6. Be2 Qc7
7. O-O Nf6 8. Be3 Bb4 9. Na4 Bd6 10. g3 b5 11. Nb6 Rb8
12. Nxc8 Rxc8 13. a4 Nxd4 14. Qxd4 e5 15. Qd3 Bc5 16. Bg5 O-O
17. axb5 axb5 18. Bxf6 gxf6 19. Bg4 b4 20. Ra6 Kg7 21. Qf3 Be7
22. Bf5 Rg8 23. Rd1 Rcd8 24. Qb3 Bc5 25. Kg2 d6 26. Qd5 Bd4
27. Rc6 Qe7 28. c3 bxc3 29. bxc3 Bc5 30. Rd3 Ra8 31. Rf3 Ra3
32. Bc8 Ra8 33. Bg4 Rgb8 34. Rf5 Rb2 35. Rxc5 Raa2 36. Ra5 1-0

[Event "Mindsports"]
[Site "Beijing CHN"]
[Date "2008.10.13"]
[EventDate "2008.10.13"]
[Round "6"]
[Result "0-1"]
[White "Martyn Kravtsiv"]
[Black "Wang Hao"]
[WhiteElo "2549"]
[BlackElo "2696"]
[PlyCount "81"]

1. e4 c5 2. Nf3 Nc6 3. d4 cxd4 4. Nxd4 Qc7 5. Nc3 e6 6. Be2 a6
7. O-O Nf6 8. Be3 Be7 9. f4 d6 10. a4 O-O 11. Bf3 Na5 12. Qd3
Nc4 13. b3 Nxe3 14. Qxe3 e5 15. Nde2 d5 16. fxe5 Bc5 17. Nd4
Qxe5 18. Rad1 Ng4 19. Bxg4 Bxg4 20. Rd2 Rad8 21. Rf4 Bc8
22. Rd3 dxe4 23. Rxe4 Qf6 24. Rf4 Qb6 25. Qf2 f5 26. Nce2 g5
27. Rff3 f4 28. c3 Bg4 29. b4 Bxd4 30. Nxd4 Bxf3 31. Qxf3 Qc7
32. a5 Qf7 33. h4 gxh4 34. Rd2 Kh8 35. Rf2 Qd5 36. Qh3 Qg5
37. Rf1 f3 38. Nxf3 Rd3 39. Rc1 Qe5 40. Nxe5 Rxc3 41. Kh1 0-1

[Event "Mindsports"]
[Site "Beijing CHN"]
[Date "2008.10.13"]
[EventDate "2008.10.13"]
[Round "7"]
[Result "1-0"]
[White "Wang Hao"]
[Black "Mert Erdogdu"]
[WhiteElo "2696"]
[BlackElo "2449"]
[PlyCount "69"]

1. e4 c5 2. Nf3 d6 3. d4 cxd4 4. Nxd4 Nf6 5. Nc3 a6 6. Be3 e6
7. Be2 Be7 8. Qd2 O-O 9. O-O-O Nc6 10. h4 Nxd4 11. Qxd4 b5
12. h5 e5 13. Qd3 Be6 14. f4 b4 15. Nd5 Bxd5 16. exd5 e4
17. Qd2 a5 18. g4 Nd7 19. g5 Qc7 20. Kb1 Rfc8 21. f5 Ne5
22. f6 Bf8 23. Bd4 a4 24. Bxe5 dxe5 25. d6 Bxd6 26. Bg4 Rd8
27. Qe2 a3 28. Qxe4 axb2 29. g6 b3 30. cxb3 Qa5 31. gxf7+ Kxf7
32. Qc4+ Kf8 33. fxg7+ Kxg7 34. a4 Rac8 35. Bxc8 1-0

[Event "Mindsports"]
[Site "Beijing CHN"]
[Date "2008.10.13"]
[EventDate "2008.10.13"]
[Round "8"]
[Result "0-1"]
[White "Olav Sepp"]
[Black "Wang Hao"]
[WhiteElo "2448"]
[BlackElo "2696"]
[PlyCount "57"]

1. e4 c5 2. Ne2 Nf6 3. Nbc3 d6 4. g3 Nc6 5. Bg2 g6 6. O-O Bg7
7. d3 Rb8 8. a4 a6 9. f4 O-O 10. h3 Nd7 11. g4 b5 12. axb5
axb5 13. Ng3 Nd4 14. Nce2 b4 15. Nxd4 Bxd4+ 16. Kh2 e6 17. g5
Bb7 18. h4 f6 19. Bh3 Qe7 20. Ne2 f5 21. Nxd4 cxd4 22. exf5
gxf5 23. Bd2 Bd5 24. b3 e5 25. fxe5 Nxe5 26. Qh5 Rbc8 27. Qd1
Ng4+ 28. Bxg4 fxg4 29. Qe1 0-1

[Event "Mindsports"]
[Site "Beijing CHN"]
[Date "2008.10.13"]
[EventDate "2008.10.13"]
[Round "11"]
[Result "1-0"]
[White "Wang Hao"]
[Black "Andreas Diermair"]
[WhiteElo "2696"]
[BlackElo "2365"]
[PlyCount "80"]

1. e4 e5 2. Nf3 Nc6 3. Bb5 a6 4. Ba4 Nf6 5. O-O Be7 6. Re1 b5
7. Bb3 d6 8. c3 O-O 9. h3 Nb8 10. d4 Nbd7 11. Nbd2 Bb7 12. Bc2
Re8 13. Nf1 Bf8 14. Ng3 c6 15. b3 Qc7 16. Be3 Rad8 17. Qc1 d5
18. Nxe5 Nxe5 19. dxe5 Qxe5 20. Bf4 Qxc3 21. e5 Ne4 22. Nxe4
dxe4 23. Bxe4 Qa5 24. Qc2 g6 25. a3 Qb6 26. Bg5 Rd7 27. Bf6 c5
28. Bxb7 Qxb7 29. Rad1 Be7 30. Bxe7 Rxd1 31. Rxd1 Qxe7 32. Rd5
Rc8 33. Qd2 c4 34. bxc4 bxc4 35. Qc3 Qb7 36. Rd6 Qb5 37. e6
fxe6 38. Rxe6 Qd5 39. Rxa6 Rb8 40. Kh2 Re8 1-0

[Event "Mindsports"]
[Site "Beijing CHN"]
[Date "2008.10.14"]
[EventDate "2008.10.13"]
[Round "1.1"]
[Result "1-0"]
[White "Abhijit Kunte"]
[Black "Wang Hao"]
[WhiteElo "2536"]
[BlackElo "2696"]
[PlyCount "69"]

1. d4 Nf6 2. Nf3 e6 3. c4 d5 4. Bg5 h6 5. Bxf6 Qxf6 6. Nbd2
Nd7 7. Qc2 c6 8. g3 g6 9. Bg2 Bg7 10. O-O O-O 11. Rad1 Qe7
12. Rfe1 Rd8 13. e4 dxc4 14. Nxc4 Nb6 15. Na5 Rb8 16. a3 Bd7
17. b4 Be8 18. h4 Nd7 19. e5 Nb6 20. h5 g5 21. Nh2 f5 22. exf6
Qxf6 23. Bh3 Bxh5 24. Bxe6+ Kh8 25. Ng4 Qf8 26. Nb3 Rd6
27. Nc5 Re8 28. Bf5 Rxe1+ 29. Rxe1 Bxd4 30. Nxb7 Rd5 31. Bg6
Bxg4 32. Re8 Qxe8 33. Bxe8 Bf3 34. Bxc6 Bxf2+ 35. Kxf2 1-0

[Event "Mindsports"]
[Site "Beijing CHN"]
[Date "2008.10.14"]
[EventDate "2008.10.13"]
[Round "1.2"]
[Result "1-0"]
[White "Wang Hao"]
[Black "Abhijit Kunte"]
[WhiteElo "2696"]
[BlackElo "2536"]
[PlyCount "59"]

1. d4 Nf6 2. c4 e6 3. Nf3 d5 4. Nc3 Be7 5. Bg5 Nbd7 6. e3 O-O
7. Qc2 a6 8. cxd5 exd5 9. a3 Re8 10. Bd3 c6 11. O-O Nf8
12. Rae1 Be6 13. Ne5 N6d7 14. Bxe7 Qxe7 15. f4 f6 16. Nf3 Bg4
17. Nh4 Qd6 18. Qf2 c5 19. Qg3 Be6 20. Nf3 Bf7 21. Nh4 Be6
22. Bf5 cxd4 23. exd4 Qb6 24. Bxe6+ Rxe6 25. Nf5 g6 26. Nxd5
Qxb2 27. Rb1 Qc2 28. Nfe7+ Kh8 29. f5 gxf5 30. Qg8+ 1-0

[Event "Mindsports"]
[Site "Beijing CHN"]
[Date "2008.10.14"]
[EventDate "2008.10.13"]
[Round "2.1"]
[Result "1/2-1/2"]
[White "Wang Hao"]
[Black "Robert Ruck"]
[WhiteElo "2696"]
[BlackElo "2574"]
[PlyCount "47"]

1. d4 Nf6 2. c4 g6 3. Nc3 d5 4. cxd5 Nxd5 5. e4 Nxc3 6. bxc3
Bg7 7. Bc4 c5 8. Ne2 Nc6 9. Be3 O-O 10. O-O Qc7 11. Rc1 Rd8
12. Qd2 a6 13. Bd3 b5 14. f4 e6 15. f5 exf5 16. exf5 Qd7
17. f6 Bf8 18. Bh6 Qd6 19. Bf4 Qd7 20. Bh6 Qd6 21. Bf4 Qd7
22. Bh6 Qd6 23. Bf4 Qd7 24. Bh6 1/2-1/2

[Event "Mindsports"]
[Site "Beijing CHN"]
[Date "2008.10.14"]
[EventDate "2008.10.13"]
[Round "2.2"]
[Result "1-0"]
[White "Robert Ruck"]
[Black "Wang Hao"]
[WhiteElo "2574"]
[BlackElo "2696"]
[PlyCount "83"]

1. Nf3 Nf6 2. g3 d5 3. Bg2 Bg4 4. O-O Nbd7 5. d4 e6 6. Nbd2
Be7 7. c4 c6 8. b3 O-O 9. Bb2 b5 10. c5 a5 11. a3 Qb8 12. b4
a4 13. Bc3 Bf5 14. Ne5 Qc7 15. Qc1 Nxe5 16. dxe5 Nd7 17. Qb2
f6 18. e4 dxe4 19. exf6 Nxf6 20. Rae1 e3 21. Rxe3 Rad8
22. Rfe1 Rf7 23. Nf3 Nd5 24. Be5 Qb7 25. R3e2 Bg4 26. Nd4 Bxe2
27. Qxe2 Bf6 28. Qg4 Bxe5 29. Rxe5 Qd7 30. Qxe6 Nxb4 31. Nxc6
Qd1+ 32. Bf1 Qf3 33. Qxf7+ Qxf7 34. Nxd8 Qd7 35. axb4 a3
36. c6 Qxd8 37. Bxb5 Kf8 38. Bc4 Qd4 39. Rc5 Qd8 40. c7 Qc8
41. Be6 Qxe6 42. c8=Q+ 1-0

[Event "Mindsports"]
[Site "Beijing CHN"]
[Date "2008.10.14"]
[EventDate "2008.10.14"]
[Round "1"]
[Result "1-0"]
[White "Wang Hao"]
[Black "Wei Ming Kevin Goh"]
[WhiteElo "2696"]
[BlackElo "2420"]
[PlyCount "69"]

1. e4 e6 2. d4 d5 3. Nc3 Nc6 4. Nf3 Nf6 5. e5 Ne4 6. Bd3 Bb4
7. Bd2 Nxd2 8. Qxd2 Bd7 9. a3 Bxc3 10. Qxc3 f6 11. h4 Qe7
12. h5 O-O-O 13. b4 Rdf8 14. b5 Nd8 15. a4 Kb8 16. a5 Bc8
17. Ke2 Nf7 18. Rhb1 fxe5 19. dxe5 Ng5 20. Nd4 Qf7 21. f3 Qf4
22. b6 Qxe5+ 23. Kd1 Qh2 24. Kc1 Qf4+ 25. Kb2 Rf7 26. Ra4 Ka8
27. a6 cxb6 28. axb7+ Rxb7 29. Bb5 Rc7 30. Bc6+ Kb8 31. Rba1
Qd6 32. Rxa7 Rxa7 33. Rxa7 Qc5 34. Qxc5 bxc5 35. Nb5 1-0

[Event "Mindsports"]
[Site "Beijing CHN"]
[Date "2008.10.14"]
[EventDate "2008.10.14"]
[Round "2"]
[Result "0-1"]
[White "Steffen Pedersen"]
[Black "Wang Hao"]
[WhiteElo "2457"]
[BlackElo "2696"]
[PlyCount "66"]

1. d4 Nf6 2. c4 e6 3. Nf3 d5 4. Nc3 c6 5. e3 a6 6. b3 Bb4
7. Bd2 Nbd7 8. Bd3 O-O 9. O-O Bd6 10. e4 dxc4 11. bxc4 e5
12. c5 Bc7 13. Na4 exd4 14. Bg5 Re8 15. Qc2 h6 16. Bh4 Nf8
17. Rab1 Rb8 18. e5 g5 19. Bg3 Nh5 20. Rfe1 Bg4 21. e6 Rxe6
22. Bxc7 Qxc7 23. Nxd4 Rxe1+ 24. Rxe1 Rd8 25. Nf5 Bxf5
26. Bxf5 Qa5 27. Re7 Ne6 28. h3 Qe1+ 29. Kh2 Qe5+ 30. g3 Nxg3
31. fxg3 Qe3 32. Qe4 Rd2+ 33. Kh1 Rd1+ 0-1

[Event "Mindsports"]
[Site "Beijing CHN"]
[Date "2008.10.15"]
[EventDate "2008.10.14"]
[Round "5"]
[Result "1/2-1/2"]
[White "Wang Hao"]
[Black "Mert Erdogdu"]
[WhiteElo "2696"]
[BlackElo "2449"]
[PlyCount "106"]

1. e4 c5 2. Nf3 d6 3. d4 cxd4 4. Nxd4 Nf6 5. Nc3 a6 6. Be3 e6
7. Be2 Be7 8. Qd2 O-O 9. f4 Nc6 10. O-O-O Nxd4 11. Qxd4 b5
12. Bf3 Bb7 13. e5 Bxf3 14. gxf3 dxe5 15. fxe5 Qxd4 16. Rxd4
Nh5 17. Rd7 Rfe8 18. Rhd1 f5 19. Rb7 h6 20. Ne2 Rac8 21. Rdd7
Bc5 22. Bxc5 Rxc5 23. Ng3 Nf4 24. Rxg7+ Kh8 25. Rh7+ Kg8
26. Rbg7+ Kf8 27. Rd7 Kg8 28. Rxh6 Rxe5 29. Kd2 b4 30. Rh4
Rd5+ 31. Rxd5 Nxd5 32. Rd4 Rf8 33. c4 bxc3+ 34. bxc3 Rb8
35. c4 Nf6 36. Kc3 Rb1 37. Rd6 Kf7 38. Rxa6 f4 39. Ne2 e5
40. c5 e4 41. Ra7+ Ke8 42. Nxf4 exf3 43. Nd3 Ne4+ 44. Kc2 Rh1
45. c6 Rxh2+ 46. Kb3 Rd2 47. Ne5 f2 48. Rf7 Rd5 49. c7 Rxe5
50. Rxf2 Kd7 51. Rc2 Kc8 52. Kb4 Re7 53. a4 Rxc7 1/2-1/2

[Event "Mindsports"]
[Site "Beijing CHN"]
[Date "2008.10.16"]
[EventDate "2008.10.14"]
[Round "8"]
[Result "1/2-1/2"]
[White "Elshan Moradiabadi"]
[Black "Wang Hao"]
[WhiteElo "2499"]
[BlackElo "2696"]
[PlyCount "37"]

1. d4 Nf6 2. Nf3 e6 3. Bg5 h6 4. Bh4 b6 5. e3 Bb7 6. Nbd2 c5
7. Bd3 Be7 8. O-O O-O 9. c3 d6 10. Qe2 Nbd7 11. Rfe1 Re8
12. e4 Nh5 13. Bxe7 Qxe7 14. Qe3 Nhf6 15. a4 a6 16. Qe2 e5
17. dxe5 Nxe5 18. Nxe5 dxe5 19. Nf1 1/2-1/2

[Event "Mindsports"]
[Site "Beijing CHN"]
[Date "2008.10.16"]
[EventDate "2008.10.14"]
[Round "9"]
[Result "1-0"]
[White "Wang Hao"]
[Black "Yuriy Kryvoruchko"]
[WhiteElo "2696"]
[BlackElo "2627"]
[PlyCount "77"]

1. e4 c5 2. Nf3 Nc6 3. Nc3 e5 4. Bc4 Be7 5. d3 d6 6. O-O Nf6
7. Ng5 O-O 8. f4 exf4 9. Bxf4 h6 10. Nf3 Be6 11. Nd5 Bxd5
12. Bxd5 Nxd5 13. exd5 Nd4 14. Nd2 Nb5 15. Qh5 f5 16. Rae1 Qe8
17. Qxe8 Raxe8 18. Nc4 Rf6 19. Na5 g5 20. Bd2 Nc7 21. c4 Rf7
22. b4 b6 23. Nc6 Bf6 24. Rxf5 Ref8 25. g4 Kg7 26. Kg2 Kg6
27. bxc5 bxc5 28. Rf3 Re8 29. a4 Rxe1 30. Bxe1 Ne8 31. Re3 Ng7
32. Bg3 Rb7 33. Bxd6 Rb2+ 34. Kf3 h5 35. h3 Ra2 36. a5 Bc3
37. Re2 Ra1 38. Bxc5 Rd1 39. Bxa7 1-0

[Event "Mindsports"]
[Site "Beijing CHN"]
[Date "2008.10.17"]
[EventDate "2008.10.14"]
[Round "2.1"]
[Result "1-0"]
[White "Wang Hao"]
[Black "Martyn Kravtsiv"]
[WhiteElo "2696"]
[BlackElo "2549"]
[PlyCount "81"]

1. e4 e5 2. Nf3 Nc6 3. Bb5 a6 4. Ba4 Nf6 5. O-O b5 6. Bb3 Bb7
7. d3 Be7 8. Nc3 O-O 9. Bd2 d6 10. Ne2 Re8 11. Ng3 h6 12. a4
Bf8 13. c3 Qd7 14. Re1 Na5 15. Bc2 c5 16. d4 Nc4 17. Bc1 d5
18. Nxe5 Nxe5 19. dxe5 Rxe5 20. Bf4 Ree8 21. e5 Nh7 22. h4 Qc6
23. Nf5 Bc8 24. axb5 axb5 25. Rxa8 Qxa8 26. Qd3 Bxf5 27. Qxf5
g6 28. Qd3 Qc6 29. Rd1 Rd8 30. h5 c4 31. Qh3 Bg7 32. hxg6 fxg6
33. e6 Re8 34. Re1 g5 35. Bxh7+ Kxh7 36. Bxg5 Rf8 37. Bxh6
Bxh6 38. e7 Ra8 39. Re6 Ra1+ 40. Kh2 Qc7+ 41. g3 1-0

[Event "Olympiad"]
[Site "Dresden GER"]
[Date "2008.11.13"]
[EventDate "2008.11.13"]
[Round "1"]
[Result "1-0"]
[White "Wang Hao"]
[Black "Jayson Gonzales"]
[WhiteElo "2696"]
[BlackElo "2469"]
[PlyCount "128"]

1. e4 Nf6 2. e5 Nd5 3. d4 d6 4. Nf3 dxe5 5. Nxe5 c6 6. Be2 Bf5
7. O-O Nd7 8. Nf3 e6 9. a3 Bd6 10. Re1 O-O 11. c4 N5f6 12. Nh4
Qc7 13. g3 Bh3 14. Nc3 Rfe8 15. Nf3 Rad8 16. Be3 e5 17. d5 a6
18. Rc1 c5 19. Ng5 Bf5 20. g4 Bg6 21. h4 h6 22. Nh3 e4 23. Kg2
Ne5 24. g5 hxg5 25. hxg5 Nh7 26. Rh1 Qd7 27. Nf4 Qf5 28. Nxg6
Nxg6 29. Bg4 Nf4+ 30. Bxf4 Qxf4 31. g6 Ng5 32. Rh4 Kf8
33. gxf7 Nxf7 34. Qh1 Re5 35. Re1 Rde8 36. Be6 Qf3+ 37. Kf1
Qxh1+ 38. Rxh1 Ng5 39. Bd7 R8e7 40. Rh8+ Kf7 41. Bg4 Re8
42. Rh4 g6 43. Ke2 Kg7 44. Reh1 R5e7 45. Be6 Nxe6 46. dxe6 Be5
47. Nd5 Rxe6 48. Rh7+ Kg8 49. Rxb7 Rb8 50. Rhh7 Rxb7 51. Rxb7
Kf8 52. b4 Bb2 53. b5 axb5 54. cxb5 Bxa3 55. b6 Bb2 56. Rc7
Be5 57. Rxc5 Kf7 58. Ke3 g5 59. b7 Bb8 60. Rc8 Ba7+ 61. Ke2
Re8 62. Nc7 Rf8 63. Na6 Ke7 64. Ra8 Rxf2+ 1-0

[Event "Olympiad"]
[Site "Dresden GER"]
[Date "2008.11.16"]
[EventDate "2008.11.13"]
[Round "4"]
[Result "1-0"]
[White "Wang Hao"]
[Black "Aleksandar Colovic"]
[WhiteElo "2696"]
[BlackElo "2458"]
[PlyCount "83"]

1. e4 c5 2. Nf3 e6 3. d4 cxd4 4. Nxd4 Nc6 5. Nc3 Qc7 6. Be2 a6
7. O-O Nf6 8. Be3 Bb4 9. Na4 Be7 10. Nxc6 bxc6 11. Nb6 Rb8
12. Nxc8 Qxc8 13. Bd4 Qc7 14. e5 Nd5 15. b3 c5 16. Bb2 a5
17. a4 O-O 18. Bb5 Rbd8 19. Re1 f6 20. Qg4 Nb4 21. Qe4 fxe5
22. Bxe5 Bd6 23. Bxd6 Qxd6 24. Rad1 Qc7 25. g3 Nd5 26. Qe5 Qa7
27. Bc4 Nf6 28. Rd6 Kh8 29. f4 Qb7 30. h3 Qb4 31. Red1 Rc8
32. Kh2 Qb7 33. Ba6 Qf3 34. Rf1 Qe4 35. Qxe4 Nxe4 36. Bxc8
Nxd6 37. Bxd7 Rf6 38. Re1 c4 39. Bxe6 cxb3 40. Bxb3 g6 41. Re5
Rf5 42. Re6 1-0

[Event "Olympiad"]
[Site "Dresden GER"]
[Date "2008.11.17"]
[EventDate "2008.11.13"]
[Round "5"]
[Result "1-0"]
[White "Wang Hao"]
[Black "John K Shaw"]
[WhiteElo "2696"]
[BlackElo "2469"]
[PlyCount "79"]

1. d4 d5 2. c4 c6 3. Nf3 Nf6 4. Nc3 dxc4 5. a4 Bf5 6. Ne5 Nbd7
7. Nxc4 Nb6 8. Ne5 a5 9. g3 e6 10. Bg2 Bb4 11. O-O O-O 12. e3
h6 13. Qe2 Bh7 14. Rd1 Nfd7 15. Nd3 Qe7 16. e4 Rfd8 17. Bf4 f6
18. Be3 Kh8 19. f4 c5 20. dxc5 Nxc5 21. Nxb4 axb4 22. Qb5 Nb3
23. Rxd8+ Rxd8 24. Re1 Nc8 25. Na2 Nd4 26. Qxb4 Nc2 27. Qxe7
Nxe7 28. Re2 Nxe3 29. Rxe3 Rd4 30. Nc3 e5 31. fxe5 fxe5
32. Rf3 Bg6 33. Bh3 Nc6 34. Rf8+ Kh7 35. Be6 Rd2 36. Bg8+ Kh8
37. g4 Nd4 38. Bd5+ Kh7 39. h4 Ne2+ 40. Nxe2 1-0

[Event "Olympiad"]
[Site "Dresden GER"]
[Date "2008.11.19"]
[EventDate "2008.11.13"]
[Round "6"]
[Result "1/2-1/2"]
[White "Wang Hao"]
[Black "David Arutinian"]
[WhiteElo "2696"]
[BlackElo "2584"]
[PlyCount "149"]

1. d4 Nf6 2. c4 e6 3. Nc3 Bb4 4. Qc2 O-O 5. a3 Bxc3+ 6. Qxc3
b6 7. Bg5 Bb7 8. e3 d6 9. Ne2 Nbd7 10. Qc2 c5 11. Rd1 Rc8
12. Nc3 cxd4 13. Rxd4 Rc5 14. Bh4 Qa8 15. Be2 d5 16. b4 Rcc8
17. O-O e5 18. Rd2 d4 19. exd4 exd4 20. Rxd4 Bxg2 21. Rfd1 Bh3
22. f3 Rc6 23. Nb5 a5 24. Bg3 axb4 25. axb4 Qe8 26. Qd2 Ne5
27. Rd8 Qe7 28. Rxf8+ Kxf8 29. Qd8+ Qxd8 30. Rxd8+ Ke7 31. Rd4
Nfd7 32. Rh4 Be6 33. Nd4 Rc8 34. Nxe6 Kxe6 35. Rxh7 Nxc4
36. Rxg7 Ne3 37. Kf2 Nf5 38. Rg4 Rc2 39. Rc4 Rb2 40. Ke1 Kd5
41. Rc7 Ne5 42. f4 Nd4 43. fxe5 Nxe2 44. Rd7+ Ke4 45. Rxf7
Nxg3 46. hxg3 Kxe5 47. Rf4 Rg2 48. Rg4 Kf5 49. Kf1 Rb2
50. Rf4+ Ke5 51. Rc4 Kf5 52. Rf4+ Ke5 53. Rh4 Kf5 54. Rc4 Ke5
55. Kg1 Kf5 56. Rh4 Ke5 57. Rf4 Rc2 58. Rh4 Rb2 59. Kf1 Kf5
60. Rd4 Ke5 61. Rf4 Rc2 62. Rf2 Rc4 63. Rb2 b5 64. Kg2 Kf5
65. Kh3 Kg5 66. Rb3 Kh5 67. Kg2 Kg4 68. Kf2 Kg5 69. Kf3 Kf5
70. Rd3 Rxb4 71. Rd5+ Kg6 72. Rc5 Kf6 73. g4 Kg6 74. Kg3 Rb1
75. Kf4 1/2-1/2